Les communes de Bruxelles - Mort Subite - Statistiques

Statistiques générales
  • Ce quiz a été pris 4 644 fois
  • Le résultat moyen est 8 sur 19
Answers on the Grid
Answers color-coded by a green-red scale on the quiz's grid according to % correct below.
Anderlecht
Auderghem
Berchem-Sainte-Agathe
Bruxelles
Etterbeek
Evere
Forest
Ganshoren
Ixelles
Jette
Koekelberg
Molenbeek-Saint-Jean
Saint-Gilles
Saint-Josse-ten-Noode
Schaerbeek
Uccle
Watermael-Boitsfort
Woluwe-Saint-Lambert
Woluwe-Saint-Pierre
Philippeville
Malmédy
Hal
Vilvoorde
Anderlues
Maasmechelen
Lambusart
Villers-Saint-Ghislain
Mont-de-l'Enclus
Gosselies
Celles
Blegny
Ekeren
Saint-Michel
Marche-les-Dames
Deinze
Grammont
Grimbergen
Hasselt
Arlon
Termonde
 
Statistiques - réponses
Réponse % Correct
Bruxelles
68%
Molenbeek-Saint-Jean
64%
Anderlecht
62%
Ixelles
60%
Saint-Gilles
57%
Schaerbeek
56%
Etterbeek
49%
Uccle
49%
Woluwe-Saint-Lambert
44%
Woluwe-Saint-Pierre
42%
Forest
40%
Jette
35%
Saint-Josse-ten-Noode
35%
Watermael-Boitsfort
35%
Auderghem
33%
Berchem-Sainte-Agathe
30%
Evere
30%
Koekelberg
30%
Ganshoren
22%
Aucun quiz correspondant
Distribution des résultats
% des personnes avec chaque résultat
Percentile par nombre de réponses
Votre historique - résultats
Vous n’avez pas pris ce quiz